Specifics of intercultural communication: professional dialogue, etiquette, appearance in the different countries; Коммуникативные аспекты языка и культуры; Ч. 3

Podrobná bibliografie
Parent link:Коммуникативные аспекты языка и культуры: сборник материалов XV Международной научно-практической конференции студентов и молодых ученых, г. Томск, 19-21 мая 2015 г./ Национальный исследовательский Томский политехнический университет (ТПУ) ; ред. кол. С. А. Песоцкая ; О. А. Казакова ; О. В. Седельникова.— , 2015
Ч. 3.— 2015.— [С. 154-158]
Hlavní autor: Akhmetov B. R.
Korporativní autor: Национальный исследовательский Томский политехнический университет (ТПУ) Институт природных ресурсов (ИПР) Кафедра иностранных языков (ИЯПР)
Další autoři: Urazaev A. A. (научный руководитель), Gutareva N. Yu. Nadezhda Yurievna
Shrnutí:Заглавие с титульного экрана
The purpose of this study is to examine the features of etiquette around the world and get some idea of the peoples inhabiting them. Theoretical methods have been used to achieve this goal. The result of this research is more in-depth understanding of communication with representatives of other countries.
Цель данного исследования заключается в том, чтобы изучить особенности этикета различных стран мира и получить определенное представление о народах, их населяющих. Для достижения этой цели были использованы общетеоретические методы. Результатом данного исследования является более углубленное понимание особенностей общения с представителями других стран.
Jazyk:angličtina
Vydáno: 2015
Edice:Доклады студентов нелингвистических специальностей на круглых столах
Проблемы межкультурного взаимодействия и диалога культур
Témata:
On-line přístup:http://earchive.tpu.ru/handle/11683/18419
http://www.lib.tpu.ru/fulltext/c/2015/C77/V3/049.pdf
Médium: Elektronický zdroj Kapitola
KOHA link:https://koha.lib.tpu.ru/cgi-bin/koha/opac-detail.pl?biblionumber=616479

MARC

LEADER 00000naa2a2200000 4500
001 616479
005 20231101132918.0
035 |a (RuTPU)RU\TPU\conf\14717 
035 |a RU\TPU\conf\14711 
090 |a 616479 
100 |a 20151228d2015 k y0rusy50 ba 
101 0 |a eng  |d rus 
102 |a RU 
105 |a y z 101zy 
135 |a drcn ---uucaa 
181 0 |a i  
182 0 |a b 
200 1 |a Specifics of intercultural communication: professional dialogue, etiquette, appearance in the different countries  |d Особенности межкультурной коммуникации: профессиональное общение, этикет, внешний вид в разных странах  |f B. R. Akhmetov, A. A. Urazaev  |g sci. ad. N. Yu. Gutareva 
203 |a Текст  |c электронный 
225 1 |a Доклады студентов нелингвистических специальностей на круглых столах 
225 1 |a Проблемы межкультурного взаимодействия и диалога культур 
230 |a 1 компьютерный файл (pdf; 164 Кb) 
300 |a Заглавие с титульного экрана 
320 |a [Библиогр.: с. 154 (6 назв.)] 
330 |a The purpose of this study is to examine the features of etiquette around the world and get some idea of the peoples inhabiting them. Theoretical methods have been used to achieve this goal. The result of this research is more in-depth understanding of communication with representatives of other countries. 
330 |a Цель данного исследования заключается в том, чтобы изучить особенности этикета различных стран мира и получить определенное представление о народах, их населяющих. Для достижения этой цели были использованы общетеоретические методы. Результатом данного исследования является более углубленное понимание особенностей общения с представителями других стран. 
337 |a Adobe Reader 
461 1 |0 (RuTPU)RU\TPU\conf\14267  |t Коммуникативные аспекты языка и культуры  |o сборник материалов XV Международной научно-практической конференции студентов и молодых ученых, г. Томск, 19-21 мая 2015 г.  |o в 3 ч.  |f Национальный исследовательский Томский политехнический университет (ТПУ) ; ред. кол. С. А. Песоцкая ; О. А. Казакова ; О. В. Седельникова  |d 2015 
463 0 |0 (RuTPU)RU\TPU\conf\14270  |t Ч. 3  |v [С. 154-158]  |d 2015 
510 1 |a Особенности межкультурной коммуникации: профессиональное общение, этикет, внешний вид в разных странах  |z rus 
610 1 |a труды учёных ТПУ 
610 1 |a электронный ресурс 
610 1 |a культура 
610 1 |a этикет 
610 1 |a деловой этикет 
610 1 |a народ 
610 1 |a межкультурное общение 
610 1 |a глобализация 
700 1 |a Akhmetov  |b B. R. 
701 1 |a Urazaev  |b A. A. 
702 1 |a Gutareva  |b N. Yu.  |c linguist  |c Associate Professor of Tomsk Polytechnic University, Candidate of pedagogical sciences  |f 1979-  |g Nadezhda Yurievna  |2 stltpush  |4 727 
712 0 2 |a Национальный исследовательский Томский политехнический университет (ТПУ)  |b Институт природных ресурсов (ИПР)  |b Кафедра иностранных языков (ИЯПР)  |h 6735  |2 stltpush  |3 (RuTPU)RU\TPU\col\18662 
801 2 |a RU  |b 63413507  |c 20210216  |g RCR 
856 4 |u http://earchive.tpu.ru/handle/11683/18419 
856 4 |u http://www.lib.tpu.ru/fulltext/c/2015/C77/V3/049.pdf 
942 |c BK